Atlas of Infectious Diseases. (Record no. 4815)

MARC details
000 -LEADER
fixed length control field 00620nam a22002057a 4500
003 - CONTROL NUMBER IDENTIFIER
control field OSt
005 - DATE AND TIME OF LATEST TRANSACTION
control field 20160721134953.0
008 - FIXED-LENGTH DATA ELEMENTS--GENERAL INFORMATION
fixed length control field 160721b xxu||||| |||| 00| 0 eng d
020 ## - INTERNATIONAL STANDARD BOOK NUMBER
International Standard Book Number 0443065268
040 ## - CATALOGING SOURCE
Transcribing agency DNLM.
082 ## - DEWEY DECIMAL CLASSIFICATION NUMBER
Classification number WC17A65g 1999.
100 ## - MAIN ENTRY--PERSONAL NAME
Personal name Edited by Mandell,L.Gerald;Wilfert,Catherine;
9 (RLIN) 10336
245 ## - TITLE STATEMENT
Title Atlas of Infectious Diseases.
Remainder of title Volume Xi Pedriatric Infectious Diseases.
260 ## - PUBLICATION, DISTRIBUTION, ETC. (IMPRINT)
Place of publication, distribution, etc. Philadelphia.
Name of publisher, distributor, etc. Churchill Livingstone.
Date of publication, distribution, etc. 1999.
300 ## - PHYSICAL DESCRIPTION
Other physical details col,ill.
Dimensions 29cm.
504 ## - BIBLIOGRAPHY, ETC. NOTE
Bibliography, etc includes index.
650 ## - SUBJECT ADDED ENTRY--TOPICAL TERM
Topical term or geographic name as entry element Infectious Diseases.
9 (RLIN) 2563
651 ## - SUBJECT ADDED ENTRY--GEOGRAPHIC NAME
Geographic name Peadiatrics.
9 (RLIN) 10337
942 ## - ADDED ENTRY ELEMENTS (KOHA)
Source of classification or shelving scheme Other/Generic Classification Scheme
Koha item type Open Shelf
Holdings
Withdrawn status Lost status Source of classification or shelving scheme Damaged status Not for loan Home library Current library Date acquired Source of acquisition Inventory number Total Checkouts Full call number Barcode Date last seen Price effective from Koha item type
    Other/Generic Classification Scheme     MUST Main Library MUST Main Library 21/07/2016   06/26335   WC17A65g 1999. 2016-3343 21/07/2016 21/07/2016 Open Shelf